00515 a2200169 450000100060000002000150000604000370002110000370005824000420009524500370013730000070017436200090018165000310019094200070022195201000022899900170032871223 a8526700030 cAnchieta - Colégio São Paulo aSilva, Sérgio Luiz de Oliveira10aBranca de Neve e os sete anõeslpor10aBranca de Neve e os sete anões a240 a1995 4aLiteratura infanto-juvenil cBK 00104070a88.1b88.1d2023-11-22l0o028.5 B816p205/CSPr2023-11-22 14:27:22w2023-11-22yBK c71223d71223